Algunas preguntas en torno a la investigación científica universitaria (Record no. 207310)

MARC details
000 -CABECERA
campo de control de longitud fija 00781nam a2200229 a 4500
003 - IDENTIFICADOR DEL NÚMERO DE CONTROL
campo de control MX-MxUPN
005 - FECHA Y HORA DE LA ÚLTIMA TRANSACCIÓN
campo de control 20221015063733.0
008 - ELEMENTOS DE LONGITUD FIJA--INFORMACIÓN GENERAL
campo de control de longitud fija 200130q1984 mx r 000 0 spa d
035 ## - NÚMERO DE CONTROL DEL SISTEMA
Número de control de sistema UPN01000235215
040 ## - FUENTE DE LA CATALOGACIÓN
Centro catalogador/agencia de origen MX-MxUPN
Lengua de catalogación spa
Centro/agencia transcriptor MX-MxUPN
041 0# - CÓDIGO DE IDIOMA
Código de lengua del texto/banda sonora o título independiente spa
050 14 - SIGNATURA TOPOGRÁFICA DE LA BIBLIOTECA DEL CONGRESO
Número de clasificación Q180 M6
Número de documento/Ítem S63
100 1# - ASIENTO PRINCIPAL--NOMBRE PERSONAL
Nombre de persona Soberón Acevedo, Guillermo
9 (RLIN) 29460
245 10 - MENCIÓN DE TÍTULO
Título Algunas preguntas en torno a la investigación científica universitaria
260 ## - PUBLICACIÓN, DISTRIBUCIÓN, ETC.
Lugar de publicación, distribución, etc. México :
Nombre del editor, distribuidor, etc. Universiad Nacional Autónoma de México, Coordinación de Humanidades, Centro de Estudios Sobre la Universidad,
Fecha de publicación, distribución, etc. [1984].
300 ## - DESCRIPCIÓN FÍSICA
Extensión 32 páginas
490 0# - MENCIÓN DE SERIE
Mención de serie Pensamiento universitario ;
Designación de volumen o secuencia 44
650 #7 - ASIENTO SECUNDARIO DE MATERIA - TERMINO TEMATICO
Término de materia o nombre geográfico como elemento de entrada Investigación
Subdivisión geográfica México
Fuente del encabezamiento o término
9 (RLIN) 8077
902 ## - ELEMENTOS DE DATOS B LOCAL, LDB (RLIN)
Creó Víctor Ruiz/141022
942 ## - ELEMENTOS DE PUNTO DE ACCESO ADICIONAL (KOHA)
Fuente del sistema de clasificación o colocación Library of Congress Classification
Tipo de ítem Koha Folleto
Holdings
Estado de retiro Estado de pérdida Fuente del sistema de clasificación o colocación Estado dañado No para préstamo Código de colección Localización permanente Ubicación/localización actual Ubicación en estantería Fecha de adquisición Clasificación Código de barras Fecha visto por última vez Tipo de ítem Koha
    Library of Congress Classification   Disponible (Préstamo en sala) Folletería Bib. Gregorio Torres Quintero Bib. Gregorio Torres Quintero Colecciones especiales Planta alta 14/10/2022 Q180 M6 S63 334420 31/12/2020 Folleto